| 000 | 00648nam a2200205Ia 4500 | ||
|---|---|---|---|
| 003 | GCL | ||
| 008 | 140319s9999 xx 000 0 ara d | ||
| 040 |
_aGCL / _cGCL |
||
| 082 | 0 | 4 |
_a817.9 _bم ص |
| 100 | 1 | _aمختار السويفى | |
| 245 | 1 | 0 |
_aالضحك بالراحة / _cمختار السويفى |
| 260 |
_a[S.N] : _bالدار المصرية اللبنانية ، _c1993 |
||
| 300 | _a246 ص | ||
| 490 |
_aمن الادب الساخر _v0 |
||
| 650 | 0 | 4 | _aالادب العربى |
| 650 | 0 | 4 | _aالقصص العربية |
| 650 | 0 | 4 | _aالاهاجى والفكاهات |
| 650 | 0 | 4 | _aالقصص الفكاهية |
| 942 |
_2ddc _cBK |
||
| 999 |
_c30011 _d30011 |
||